=LDR 00000nam 2200000 4500 =001 INLIS000000000036033 =005 20200508083100 =035 ##$$a 0010-061300000036033 =008 200508################g##########0#ind## =041 ##$$a Ind =082 ##$$a 2X3.51 =090 ##$$a 2X3.31, Suy k =100 ##$$a Suyuthi, Jalal Al Din Al =245 1#$$a Kemenangan besar berjumpa sang mahabenar /$c Jalal Al Din Al Suyuthi; Penerjemah: Ibrahim Syuaib Z =260 ##$$a Jakarta :$b Serambi ilmu semesta,$c 2000 =300 ##$$a 300 hlm ; $c 22 x 14 cm =650 #4$$a Ketauhidan - Islam =850 ##$$a NBPNMAT =084 ##$$a 2X3.51 SUY k =990 ##$$a 2033401